000 00766nam a2200205 a 4500
003 0
005 20250328103512.0
008 071121s19uu xx 00 eng d
050 _aPHS ML 3838
_b.C33 2007
100 _aCabañez, Don Jeffrey A.
245 _aEffects of being an amateur musician on the academic performance of members of college bands /
_cDon Jeffrey A. Cabañez.
260 _aLas Piñas City, Philippines :
_bSouthville International School and Colleges,
_c2007.
300 _a39 pages :
_billustrations ;
_c28 cm.
504 _aIncludes bibliographical references.
650 _aMusic
_xPsychological aspects.
650 _aMusicians
_xEducation.
650 _aAcademic achievement.
650 _aExtracurricular activities.
942 _2lcc
_cPASS
999 _c97803
_d97803